LEADER 01098nam0 2200301 450 001 000021402 005 20090113123508.0 100 $a20090113d2000----km-y0itay50------ba 101 0 $aita 102 $aIT 105 $ay-------001yy 200 1 $aAspetti cognitivi delle decisioni$eprocessi decisionali, apprendimento e innovazione tra razionalità e creatività$fLucia Varra$gGennaro Ferrara$gRoberto D'Anna 210 $aNapoli$cIstituto Universitario Navale$d2000-2001 215 $aIII, 178 p.$d26 cm 328 $aTesi di Dottorato di ricerca in: Dottrine economico-aziendali e governo dell'impresa XII° ciclo 500 10$aAspetti cognitivi delle decisioni$946486 610 1 $aDecisione 610 1 $aAziende$aDirezione 676 $a658.403$v21 700 1$aVarra,$bLucia$0427419 702 1$aFerrara,$bGennaro 702 1$aD'Anna,$bRoberto 712 02$aIstituto Universitario Navale 801 0$aIT$bUNIPARTHENOPE$c20090113$gRICA$2UNIMARC 912 $a000021402 951 $aTESI-2001/16$cNAVA1$d2009 996 $aAspetti cognitivi delle decisioni$946486 997 $aUNIPARTHENOPE LEADER 01118nam0 22002771i 450 001 UON00294679 005 20231205103937.4 100 $a20070511d1950 |0itac50 ba 101 $afre 102 $aFR 105 $a|||| 1|||| 200 1 $aHistoire de la littérature française classique$e1660-1700$eses caractères véritables, ses aspects inconnus$fDaniel Mornet 205 $a4e édition 210 $aParis$cArmand Colin$d1950 215 $a427 p.$d25 cm. 606 $aLetteratura francese$xStoria$xSec. 17.$3UONC064114$2FI 620 $aFR$dParis$3UONL002984 676 $a840.4$cLetteratura francese. Periodo classico, 1600-1715$v21 700 1$aMORNET$bDaniel$3UONV169628$0449935 712 $aColin$3UONV249042$4650 801 $aIT$bSOL$c20251017$gRICA 899 $aSIBA - SISTEMA BIBLIOTECARIO DI ATENEO$2UONSI 912 $aUON00294679 950 $aSIBA - SISTEMA BIBLIOTECARIO DI ATENEO$dSI S.C I D 28 $eSI MR 41108 7 28 996 $aHistoire de la littérature française classique$91250409 997 $aUNIOR